| 000 | 00883cab a2200265 4500 | ||
|---|---|---|---|
| 001 | WB3219-33 | ||
| 008 | 090401t1996 xxu||||| |||| 00| 0 eng d | ||
| 035 | _a(Sirsi) u1752 | ||
| 041 | _aeng | ||
| 245 | _aSecuritisation vehicle | ||
| 260 | _c1996 | ||
| 350 | _a0 | ||
| 490 |
_aProperty Week _v55(7) 16 May 1996, 5(1) |
||
| 520 | _aBankers Trust has created an innovative securitisation product which allows a vendor to sell the investment interest of a property portfolio while retaining the benefit of the freehold interest. | ||
| 650 | _aBANKERS TRUST | ||
| 650 | _aFREEHOLD INTEREST | ||
| 650 | _aINVESTMENT INTEREST | ||
| 650 | _aLEASE RECEIVABLE NOTES | ||
| 650 | _aRESIDUAL EQUITY VALUE STRIPS | ||
| 650 | _aSANDOWN CAPITAL CORPORATION | ||
| 650 | _aSECURITISATION | ||
| 690 | _aPROPERTY-PROPERTY FINANCE AND INVESTMENT | ||
| 942 | _n0 | ||
| 948 | _c04/03/1997 | ||
| 999 |
_c1007 _d1007 |
||